000
00320nam a2200133Ia 4500
005
20251222151341.0
008
251222s9999||||xx |||||||||||||| ||spa||
020
_a
8474541891
082
_a
863.62/S38
100
_a
Sender, Ramón J.
245
0
_a
Réquiem por un Campesino Español
264
_b
Destino
942
_c
LIB
999
_c
24489
_d
24489